| 000 | 00609cam a22002053a 4500 | ||
|---|---|---|---|
| 001 | 41761 | ||
| 003 | PGUSA | ||
| 005 | 20140828083937.0 | ||
| 008 | 130102s2013||||xxu|||||s|||||000 | eng d | ||
| 040 |
_aPGUSA _beng |
||
| 042 | _adc | ||
| 100 | 1 | _aBottrell, William | |
| 245 | 1 | 0 |
_aTraditions and Hearthside Stories of West Cornwall, Second Series _h[electronic resource] / _cWilliam Bottrell |
| 260 |
_bProject Gutenberg, _c2013 |
||
| 506 | _aPublic domain in the USA. | ||
| 516 | _aElectronic text | ||
| 830 | 0 |
_aProject Gutenberg _v41761 |
|
| 856 | 4 | 0 | _uhttp://www.gutenberg.org/ebooks/41761 |
| 942 | _cEB | ||
| 999 |
_c271013 _d271013 |
||